তাজউদ্দীন আহমদ : নেতা ও পিতা /

Detalhes bibliográficos
Autor principal: আহমদ, শারমিন
Formato: Livro
Idioma:Bengali
Publicado em: ঢাকা : ঐতিহ্য, c২০১৪, ২০১৫ [পঞ্চম মুদ্রণ ২০২৪].
Edição:তৃতীয় সংস্করণ.
Assuntos:
Classic Catalogue: View this record in Classic Catalogue
LEADER 03926nam a2200397 a 4500
001 31696
003 BD-DhAAL
005 20260111134803.0
008 170515s2015 bg ||||| |||| 00| 1 ben d
020 |a 9789847761695  |q hardcover 
020 |a 9789847761732  |q softcover 
040 |a BD-DhAAL  |c BD-DhAAL 
041 |a ben 
082 |a 954.9205092  |2 23 
100 |a আহমদ, শারমিন.  |9 21565 
245 |a তাজউদ্দীন আহমদ :  |b নেতা ও পিতা /  |c শারমিন আহমদ. 
246 |a Tajuddin Ahmad :  |b neta o pita 
250 |a তৃতীয় সংস্করণ. 
260 |a ঢাকা :  |b ঐতিহ্য,  |c c২০১৪, ২০১৫ [পঞ্চম মুদ্রণ ২০২৪]. 
300 |a ৪৪৮ পৃষ্ঠা ;  |a ৩৫১ পৃষ্ঠা :  |b চিত্র ;  |c ২৫ সে.মি. 
526 |a AAL, RS (GenEd)  |x Tahseen H. Ali, PhD Assistant Professor and Assistant Dean, RS School of General Education BRAC University Course Name : Emergence of Bangladesh (EMB 101) 
541 |a Donated By Akbar Ali Khan, R K Corporation  |e 31696, 31697, 40993, 44807, 44808, 44809, 44810, 44811 
600 |a Ahmad, Tajuddin,  |d 1925-1975.  |9 21566 
650 |a Prime ministers  |v Biography  |z Bangladesh.  |9 21567 
650 |a Politicians  |v Biography  |z Bangladesh.  |9 21568 
852 |a Ayesha Abed Library  |c General Stacks 
942 |2 ddc  |c BK 
999 |c 38055  |d 38055 
952 |0 0  |1 0  |2 ddc  |4 0  |6 954_920509200000000_AHM  |7 0  |9 60205  |a BRACUL  |b BRACUL  |c BNC  |d 2017-04-13  |e Paragon Enterprises  |g 748.00  |l 4  |m 3  |o 954.9205092 AHM  |p 3010031696  |r 2025-11-24  |s 2025-11-16  |t 1  |v 748.00  |w 2017-04-13  |y BK 
952 |0 0  |1 0  |2 ddc  |4 0  |6 954_920509200000000_AHM  |7 0  |9 60206  |a BRACUL  |b BRACUL  |c BNC  |d 2017-04-13  |e Paragon Enterprises  |g 748.00  |l 8  |m 36  |o 954.9205092 AHM  |p 3010031697  |r 2024-10-20  |s 2024-10-20  |t 2  |v 748.00  |w 2017-04-13  |y BK 
952 |0 0  |1 0  |2 ddc  |4 0  |6 954_920509200000000_AHM  |7 1  |9 73447  |a BRACUL  |b BRACUL  |c AAKC  |d 2023-03-22  |e Donated By Akbar Ali Khan  |g 850.00  |l 0  |o 954.9205092 AHM  |p 3010040993  |r 2023-03-22  |t 3  |w 2023-03-22  |y BK 
952 |0 0  |1 0  |2 ddc  |4 0  |6 954_920509200000000_AHM  |7 0  |9 78187  |a SCL  |b SCL  |c GEN  |d 2025-09-14  |e R K Corporation  |g 405.00  |l 0  |o 954.9205092 AHM  |p 3020044807  |r 2025-09-14  |t 4  |v 810.00  |w 2025-09-14  |y BK  |x Requisitioned by Tahseen H. Ali, PhD (Assistant Professor and Assistant Dean, RS School of General Education, BRAC University) for the course named- "Emergence of Bangladesh (EMB 101)" 
952 |0 0  |1 0  |2 ddc  |4 0  |6 954_920509200000000_AHM  |7 0  |9 78188  |a SCL  |b SCL  |c GEN  |d 2025-09-14  |e R K Corporation  |g 405.00  |l 0  |o 954.9205092 AHM  |p 3020044809  |r 2025-09-14  |t 6  |v 810.00  |w 2025-09-14  |y BK  |x Requisitioned by Tahseen H. Ali, PhD (Assistant Professor and Assistant Dean, RS School of General Education, BRAC University) for the course named- "Emergence of Bangladesh (EMB 101)" 
952 |0 0  |1 0  |2 ddc  |4 0  |6 954_920509200000000_AHM  |7 0  |9 78189  |a SCL  |b SCL  |c GEN  |d 2025-09-14  |e R K Corporation  |g 405.00  |l 0  |o 954.9205092 AHM  |p 3020044811  |r 2025-09-14  |t 8  |v 810.00  |w 2025-09-14  |y BK  |x Requisitioned by Tahseen H. Ali, PhD (Assistant Professor and Assistant Dean, RS School of General Education, BRAC University) for the course named- "Emergence of Bangladesh (EMB 101)" 
952 |0 0  |1 0  |2 ddc  |4 0  |6 954_920509200000000_AHM  |7 0  |9 78190  |a SCL  |b SCL  |c GEN  |d 2025-09-14  |e R K Corporation  |g 405.00  |l 0  |o 954.9205092 AHM  |p 3020044808  |r 2025-09-14  |t 5  |v 810.00  |w 2025-09-14  |y BK  |x Requisitioned by Tahseen H. Ali, PhD (Assistant Professor and Assistant Dean, RS School of General Education, BRAC University) for the course named- "Emergence of Bangladesh (EMB 101)" 
952 |0 0  |1 0  |2 ddc  |4 0  |6 954_920509200000000_AHM  |7 0  |9 78191  |a SCL  |b SCL  |c GEN  |d 2025-09-14  |e R K Corporation  |g 405.00  |l 0  |o 954.9205092 AHM  |p 3020044810  |r 2025-09-14  |t 7  |v 810.00  |w 2025-09-14  |y BK  |x Requisitioned by Tahseen H. Ali, PhD (Assistant Professor and Assistant Dean, RS School of General Education, BRAC University) for the course named- "Emergence of Bangladesh (EMB 101)"